[Event "BCF-ch Penrose U2000 op"]
[Site "Hull"]
[Date "2024.07.27"]
[Round "2"]
[White "Skelton, Jason"]
[Black "Singh, Amrik J"]
[Result "1-0"]
[WhiteElo "1636"]
[BlackElo "1801"]
[PlyCount "51"]
[EventDate "2024.07.26"]
[EventType "swiss"]
[EventRounds "5"]
[EventCountry "ENG"]
[SourceTitle "CBM 221 Extra"]
[Source "ChessBase"]
[SourceDate "2024.09.30"]
[SourceVersion "1"]
[SourceVersionDate "2024.09.30"]
[SourceQuality "1"]

1. d4 g6 2. Bf4 Bg7 3. Nc3 d6 4. e4 a6 5. Nf3 Nd7 6. Bc4 e6 7. a4 b6 8. 0-0 h6 9. Qd2 Ne7 10. Rad1 Bb7 11. h3 Nf6 12. Rfe1 g5 13. Bh2 Qd7 14. Qd3 Ng6 15. e5 dxe5 16. Nxe5 Nxe5 17. Bxe5 0-0 18. Qg3 Nh5 19. Qg4 Bxe5 20. Rxe5 Ng7 21. d5 Qd6 22. Qe2 f6 23. Rxe6 Nxe6 24. dxe6 Qe5 25. Qxe5 fxe5 26. e7+ 1-0

[Event "BCF-ch Penrose U2000 op"]
[Site "Hull"]
[Date "2024.07.26"]
[Round "1"]
[White "Skelton, Jason"]
[Black "Leigh, Dominic"]
[Result "1-0"]
[WhiteElo "1636"]
[BlackElo "1777"]
[PlyCount "83"]
[EventDate "2024.07.26"]
[EventType "swiss"]
[EventRounds "5"]
[EventCountry "ENG"]
[SourceTitle "CBM 221 Extra"]
[Source "ChessBase"]
[SourceDate "2024.09.30"]
[SourceVersion "1"]
[SourceVersionDate "2024.09.30"]
[SourceQuality "1"]

1. d4 Nf6 2. Bf4 d5 3. Nf3 e6 4. e3 c5 5. Nbd2 Bd6 6. Bg3 0-0 7. c3 Qc7 8. Be2 Nbd7 9. Bxd6 Qxd6 10. c4 b6 11. 0-0 Bb7 12. Rc1 Rac8 13. cxd5 exd5 14. b3 Rfd8 15. Bd3 Qe7 16. Qe2 cxd4 17. Nxd4 Nc5 18. N2f3 Nxd3 19. Qxd3 Qa3 20. Qb1 Ba6 21. Rfd1 Qd6 22. Rxc8 Rxc8 23. Rc1 Qd7 24. Ne5 Rxc1+ 25. Qxc1 Qc8 26. Qxc8+ Bxc8 27. Nec6 Kf8 28. Nxa7 Bd7 29. f3 Ke7 30. Nab5 Ne8 31. Kf2 g6 32. b4 Ng7 33. Ke2 Ne6 34. Kd3 Nxd4 35. Nxd4 b5 36. Nb3 Kd6 37. Kd4 Bc6 38. Nd2 Bd7 39. Nb1 f6 40. Nc3 Bc6 41. a3 f5 42. f4 1-0